Statistiche per Capitali del Mondo - Oceania

Clicka qui per fare il quiz!

Statistiche generali

  • Questo quiz è stato fatto 139 volte
  • Il punteggio medio è 9 su 14

Statistiche sulle risposte

NazioneOceania% Corretto
Nuova ZelandaWellington
97%
AustraliaCanberra
92%
Papua Nuova GuineaPort Moresby
71%
FigiSuva
63%
SamoaApia
62%
NauruYaren
57%
TuvaluFunafuti
55%
MicronesiaPalikir
55%
VanuatuPort Vila
55%
TongaNuku'alofa
52%
Isole MarshallMajuro
51%
KiribatiTarawa Sud
51%
Isole SalomoneHoniara
49%
PalauNgerulmud
49%

Distribuzione punteggi

Percentile per numero di risposta

Percentuale di utenti per punteggio

I tuoi punteggi nel tempo

Non hai fatto questo quiz